00452 2200181 4500001002100000008004100021035002000062245004400082250001000126260003000136300002300166020001800189084001700207082001100224650001000235990001300245990001200258INLIS000000000000217 ind  a0010-0921000217 aI'm Going To Be Popular!cSeo Young Hee aCet.1 aJakarta :bGramediac2016 a176c15 cm x 22 cm a9786023399765 a808.83 SEO i a808.83 aKomik aDI. 2359 aDI 2359